Mathias Grünewald

Bibliographic Details
Main Author: Mittelstädt, Kuno, 1930-2016 (Author)
Other Authors: Ferus, Viktor (Translator), Götzelmann, Henry (Illustrator)
Format: Book
Language:Slovak
German
Published: Bratislava Berlin Tatran Henschelverlag 1990
Edition:1. vyd.
Series:Svet umenia
Subjects:

MARC

LEADER 00000cam a2200000 a 4500
001 vtls001061996
003 SK-MaSNL
005 20260302030444.0
008 240226s1990 xo o grhn 000 0bslo
015 |a SNBA1990/05 
020 |a 8022200263  |q (viazané) 
035 |a SNK000004824 
035 |a urn:nbn:sk:snk-amln7k 
035 |a urn:nbn:sk:snk-am00byn4 
035 |a 36F79E14-07E7-44F5-8F2C-E87878927F49 
040 |a SNK  |b slo  |c SNK  |e AACR2 
041 1 |a slo  |h ger 
044 |a xo  |c SK  |a gw  |c DE 
072 7 |a 75  |x Maliarstvo  |2 konspekt 
072 7 |a 929  |x Biografie  |2 konspekt 
080 |a 75.071.1  |2 2011 
080 |a 69-051  |2 2001 
080 |a (084.12)  |2 2011 
080 |a 929(092)  |2 2011 
100 1 |a Mittelstädt, Kuno,  |d 1930-2016  |4 aut  |9 60603 
240 1 0 |a Mathias Grünewald  |l Slovensky 
245 1 0 |a Mathias Grünewald  |c Kuno Mittelstädt ; [z nemeckého originálu Mathias Grünewald ... preložil Viktor Ferus] 
250 |a 1. vyd. 
260 |a Bratislava  |b Tatran  |a Berlin  |b Henschelverlag  |c 1990 
300 |a 72 nečíslovaných strán, [61] nečíslovaných strán obrazových príloh  |b fotografie (prevažne farebné)  |c 27 cm 
366 |e 1900 kusov 
490 1 |a Svet umenia 
500 |a 20 farebných a 41 čiernobielych reprodukcií 
504 |a Bibliografia na strane [72] 
600 1 7 |a Grünewald, Matthias,  |d 1460-1528  |2 SNKMA  |9 95894 
650 0 7 |a maliari  |2 SNKPH  |9 3150 
650 0 7 |a stavitelia  |2 SNKPH  |9 30503 
655 7 |a biografie  |2 SNKPH  |9 27965 
655 7 |a fotografické publikácie  |2 SNKPH  |9 70483 
700 1 |a Ferus, Viktor  |4 trl  |9 6650 
700 1 |a Götzelmann, Henry  |4 ill  |9 370192 
830 0 |a Svet umenia  |9 677245 
852 |a Slovenská národná knižnica 
919 |a 80-222-0026-3 
954 |a odborná, vedecká literatúra cudzojazyčná (svetová)  |2 lita 
954 |a obrazové publikácie zamerané na výtvarné umenie a fotografiu cudzojazyčné (svetové)  |2 lita 
958 |a RK 
958 |a TL 
958 |a BC 
958 |a NB 
958 |a OND 
958 |a DE 
958 |a OP 
958 |a EUIPO 
999 |c 1047421  |d 1049351 
952 |t P60, <04>, [BOOK], {604}  |a SNK  |b SNK  |y VYP  |7 0  |p 17A0150353  |o snkSB 46761 D1  |0 0  |1 0  |4 0  |d 1998-07-22  |l 0  |r 2004-12-31 00:00:00  |w 2026-02-24 
952 |a SNK  |b SNK  |y PREZ  |7 0  |p 17A0860162  |o snkSB 46761  |0 0  |1 0  |4 0  |d 2012-07-16  |f 1  |l 0  |r 2025-01-31 00:00:00  |w 2026-02-24